000
00208 a2200097 4500
001
12038
100
_a
Gordon, F.L.
245
_a
Heroes of the twentieth
260
_a
_b
Odhams books
_c
090
_c
9290
_d
9290
942
_a
NUST-CAE
_c
M
_c
36145
999
_c
247111
_d
247111